15 krajów o największej liczbie zgonów Covid19 - 5 lipca - Statystyki

Ogólne statystyki
  • Ten quiz został rozwiązany 46 razy
  • Średni wynik to 11 z 19
Statystyki odpowiedzi
kraj % Poprawnych
Stany Zjednoczone
90%
Rosja
88%
Niemcy
86%
Hiszpania
83%
Brazylia
81%
Francja
81%
Włochy
79%
Indie
69%
Wielka Brytania
67%
Kanada
64%
Meksyk
60%
Szwecja
60%
Chile
38%
Iran
33%
Peru
33%
Belgia
31%
Holandia
31%
Irlandia
21%
Ekwador
12%
Nie znaleziono quizów pasujących do podanych kryteriów
Rozkład punktacji
Procent ludzi z każdym wynikiem
Percentyl według liczby udzielonych odpowiedzi
Twoja historia wyników
Nie rozwiązałeś tego quizu